<?xml version="1.0" encoding="UTF-8"?>
<marc:record xmlns:marc="http://www.loc.gov/MARC21/slim">
   <marc:leader>00000nam a2200000 a 4500</marc:leader>
   <marc:datafield ind1="1" ind2=" " tag="100">
      <marc:subfield code="a">Horikoshi, Kohei</marc:subfield>
      <marc:subfield code="4">aut</marc:subfield>
      <marc:subfield code="e">Verfasser/-in</marc:subfield>
   </marc:datafield>
   <marc:datafield ind1=" " ind2=" " tag="653">
      <marc:subfield code="a">Manga</marc:subfield>
   </marc:datafield>
   <marc:datafield ind1="0" ind2="0" tag="245">
      <marc:subfield code="a">Das Kulturfest</marc:subfield>
   </marc:datafield>
   <marc:datafield ind1=" " ind2="1" tag="264">
      <marc:subfield code="b">Carlsen Manga</marc:subfield>
      <marc:subfield code="c">2018</marc:subfield>
   </marc:datafield>
   <marc:datafield ind1="1" ind2=" " tag="490">
      <marc:subfield code="a">My Hero Academia</marc:subfield>
   </marc:datafield>
   <marc:datafield ind1="1" ind2=" " tag="520">
      <marc:subfield code="a">Begleite Izuku auf seinem Weg vom stinknormalen Schüler zum größten Superhelden aller Zeiten!!

Was ist typisch Schule? Das Kulturfest!! In letzter Zeit gab es so viele Schurkenvorfälle, da sollten wir mit unseren Beiträgen für das Fest mal ein bisschen für Stimmung sorgen! Ehrlich gesagt bin ich nicht ganz sicher, ob wir in dieser Hinsicht besonders nützlich sein werden, aber irgendwie rocken wir das schon! »Plus Ultra«!![Verlagstext]</marc:subfield>
   </marc:datafield>
   <marc:datafield ind1=" " ind2=" " tag="020">
      <marc:subfield code="a">9783551797193</marc:subfield>
      <marc:subfield code="9">9783551797193</marc:subfield>
   </marc:datafield>
</marc:record>
